000 00885nas a2200301 4500
001 BR7800498
003 BR-BrBNA
005 20231205083310.0
007 ta
008 230509b bl.|||p| |||| 00| 00por d
040 _aBR-BrBNA
_bpor
_cBiblioteca Nacional de Agricultura
041 _a(Pt)
072 _aF00; F60
100 1 _aLehman, P.S.
100 1 _aAlmeida, A.M.R.
100 1 _aCorrea, C.F.
100 1 _aFulco, W.S.
100 1 _aNoguez, M.A.
100 1 _aSartori, J.
245 1 _aEfeito da aplicacao de fungicidas em sementes de soja com dois niveis de poder germinativo [Glycine max]
650 _aSOJA
650 _aSEMENTE
650 _aFUNGICIDA
650 _aPODER GERMINATIVO
773 0 _tFitopatologia Brasileira (Brazil)
_xISSN 0100-4158
_g(Feb 1977), v. 2(1) p. 86
_wBR7800498
909 _a202311
_bLúcia
_c55
_dLúcia Elande
942 _2AGRIS
_n0
_cANA
999 _c97810
_d97810